01861nab a2200253uuc4500001000800000005001700008008004100025035001200066035002100078040001300099041000800112100003800120245004900158520102800207650002101235650001301256650001401269700003901283700004401322700004401366700003801410700003501448773012401483123282320240202100720.0110222e20101201 spa  a1232823 a(OCoLC)820575320 ccomduadb aspa10aArdila Jaimes, Johan E.4auteaut10aCuerpo extraño en pene: reporte de un caso3 aLa incarceración o estrangulación del pene por cuerpos extraños es una situación poco frecuente, razón por la cual no se tienen datos sobre la incidencia de esta entidad. Multitud de objetos han sido descritos en las distintas series (anillos de boda, bandas de goma, tuercas metálicas, etc) y su etiología se describe dependiendo del grupo etáreo; en los adultos estos objetos son colocados para intensificar la respuesta sexual, como autotratamiento de la disfunción eréctil o por problemas psiquiátricos y en los niños en ocasiones son colocados intencionalmente por los padres para prevenir la enuresis y la incontinencia urinaria5. La extracción de estos objetos requiere de una técnica adecuada, efectiva y con la menor repercusión para el paciente, dependiendo del material disponible. Se presenta la experiencia en el manejo de un paciente quien ingresa al servicio de urgencias por edema y equimosis genital externo por la presencia de un cuerpo extraño (anillo metálico) en pene. aCuerpo extraño aIsquemia 7aPene2dcs10aAgressott Guerra, Wilmer4auteaut10aSánchez G., José Gregorio4auteaut10aReyes Merizalde, Luis Eduardo4auteaut10aGuzman Chaves, Fernando4auteaut10aEscobar Araujo, Hugo4auteaut0 tRevista Urología Colombiana (Bogotá)gVolumen 19, Número 03, Diciembre 2010, p. 105-109w450266z0120789X0119730